| 000 | 00600nam a2200193 a 4500 | ||
|---|---|---|---|
| 005 | 20240925064253.0 | ||
| 008 | 991125s1968 mad 000 0 spa u | ||
| 035 | _aUPN01000049508 | ||
| 049 | _aCG | ||
| 050 | 4 |
_aBF721 _bS3.68 |
|
| 100 | 1 | _aSandstrôm, Carl Ivar | |
| 245 | 1 | 0 |
_aPsicología del niño y del adolescente / _cCarl Ivar Sandstrôm ; tr. Gonzalo Gonzalvo Mainar. |
| 260 |
_aMadrid : _bMorata, _c1968. |
||
| 300 |
_a310 p. : _bil. |
||
| 440 | 0 | _aFilosofía, psicología, pedagogía | |
| 650 | 4 |
_aPsicología del adolescente _91013 |
|
| 650 | 4 |
_aNiño, Estudio del _9221 |
|
| 905 | _aLibro | ||
| 999 |
_c49508 _d49508 |
||